Official development assistance and private finance attracting finance and investment to developing countries

Enregistré dans:
Détails bibliographiques
Format: Livre
Langue:anglais
Publié: Paris OECD 2002
Sujets:
Tags: Ajouter un tag
Pas de tags, Soyez le premier à ajouter un tag!

MARC

LEADER 00000nam a2200000 4500
001 c141894
005 20221124092629.2
020 |a 92-64-19889-X 
041 0 |a eng 
044 |a FR 
245 1 0 |a Official development assistance and private finance  |b attracting finance and investment to developing countries 
264 1 |a Paris  |b OECD  |c 2002 
300 |a 143 s. 
610 2 0 |a financie 
610 2 0 |a investície 
610 2 0 |a krajiny rozvojové 
610 2 0 |a sektor súkromný 
610 2 0 |a kooperácia 
610 2 0 |a podnik 
610 2 0 |a inovácia 
610 2 0 |a podnik štátny 
610 2 0 |a zadlženosť zahraničná 
610 2 0 |a služby finančné 
610 2 0 |a pomoc zahraničná 
610 2 0 |a pomoc finančná 
610 2 0 |a pomoc hospodárska 
610 2 0 |a Afrika 
610 2 0 |a Keňa 
610 2 0 |a Japonsko 
610 2 0 |a Kongo 
610 2 0 |a svet 
610 2 0 |a OECD